00483nam a22001577a 450000500170000001000150001702000260003203500140005803700130007208200110008510000200009624500870011626000450020327000570024830000200030520220607111428.0 aENG-133059 a9788194318040c120.00 aEN-116591 bDBAD/PUB a155.28 aBahl, Gitanjali aHandbook on Relieving Neck and Back Pain Due to Long Sitting Jobs/cGitanjali Bahl aDelhi NCRbOrangebooks Publicationc2019 aVishwavidyalaya Marg, Civil LinesbDelhi NCRe110054 a41p.c20cm(pbk)